| 000 | 00620nam a2200157 a 4500 | ||
|---|---|---|---|
| 001 | 000014304 | ||
| 005 | 20200929163551.0 | ||
| 008 | 091209s1974 dr 000 0 spa d | ||
| 040 |
_aDO-SdBNP _bspa _cBNPHU |
||
| 082 |
_axxx _bR426e |
||
| 110 | 1 |
_aRepública Dominicana. _bSecretaría de Estado de la Presidencia _932262 |
|
| 245 | 1 | 0 | _aExposición del jefe de la misión de la República Dominicana ante la comisión ejecutiva permanente del consejo interamericano económico y social 1973-1974. |
| 260 |
_aSanto Domingo : _bSecretaría de Estado de la Presidencia, _c1974. |
||
| 300 |
_a59 p. ; _c21 cm. |
||
| 049 | _aBNPD | ||
| 999 |
_c13900 _d13900 |
||